000 00315nam a22001337a 4500
003 OSt
005 20160727222408.0
008 160624b xxu||||| |||| 00| 0 eng d
100 _9907
_aSmow, D.J
245 _aThat Certsin Girl
260 _aUSA
_bWestern Pub Co. Inc.
300 _aThat Certsin Girl
942 _2ddc
_cBK
999 _c723
_d723